|
|
|
|
| LEADER |
00000nam0a2200000 4500 |
| 001 |
368808 |
| 005 |
20231102012123.0 |
| 035 |
|
|
|a (RuTPU)RU\TPU\retro\26190
|
| 090 |
|
|
|a 368808
|
| 100 |
|
|
|a 20220420d1980 m y0rusy50 ca
|
| 101 |
0 |
|
|a rus
|
| 102 |
|
|
|a UA
|
| 105 |
|
|
|a a z 001zy
|
| 200 |
1 |
|
|a Реконструкция доменных печей
|f Б. Д. Кузминский, И. М. Лерир
|
| 210 |
|
|
|a Киев
|c Будiвельник
|d 1980
|
| 215 |
|
|
|a 152 с.
|c ил.
|
| 225 |
1 |
|
|a Библиотека передового опыта. Технология производства
|
| 320 |
|
|
|a Библиогр.: с. 148-149
|
| 606 |
1 |
|
|a Доменные печи
|x Реконструкция
|2 stltpush
|3 (RuTPU)RU\TPU\subj\9930
|9 37081
|
| 610 |
1 |
|
|a методы
|
| 610 |
1 |
|
|a организация
|
| 610 |
1 |
|
|a управление
|
| 610 |
1 |
|
|a буровзрывные работы
|
| 610 |
1 |
|
|a земляные работы
|
| 610 |
1 |
|
|a подземные сооружения
|
| 610 |
1 |
|
|a монтаж
|
| 675 |
|
|
|a 669.162.21
|v 4
|
| 700 |
|
1 |
|a Кузминский
|b Б. Д.
|g Борис Дмитриевич
|
| 701 |
|
1 |
|a Лерир
|b И. М.
|g Иосиф Моисеевич
|
| 801 |
|
1 |
|a RU
|b 63413507
|c 20220420
|
| 801 |
|
2 |
|a RU
|b 63413507
|c 20220420
|g RCR
|
| 942 |
|
|
|c BK
|